Statystyki dla Choroby wirusowe (RNA)

Kliknij tutaj aby rozwiązać quiz!

Ogólne statystyki

  • Ten quiz został rozwiązany 6 razy
  • Średni wynik to 4 z 5

Statystyki odpowiedzi

HintOdpowiedź% Poprawnych
AIDSRetroviridae
100%
1. RóżyczkaTogaviridae
100%
1. pryszczycaWirus choroby pyska i racic
100%
1. Herpangina Zahorskiego 2. choroba dłoni, stóp i jamy ustnejCoxsackie A
50%
1. Świnka 2. OdraParamyxoviridae
0%

Rozkład punktacji

Percentyl według liczby udzielonych odpowiedzi

Procent ludzi z każdym wynikiem

Twoja historia wyników

Nie rozwiązałeś tego quizu